<?xml version="1.0" encoding="UTF-8"?>
<collection xmlns="http://www.loc.gov/MARC21/slim">
 <record>
  <leader>01535nam a22002297a 4500</leader>
  <controlfield tag="001">NCT_91771</controlfield>
  <controlfield tag="008">211009b        xxu||||| |||| 00| 0 vie d</controlfield>
  <datafield tag="999" ind1=" " ind2=" ">
   <subfield code="c">4533</subfield>
   <subfield code="d">4533</subfield>
  </datafield>
  <datafield tag="020" ind1=" " ind2=" ">
   <subfield code="a">9786048118082</subfield>
   <subfield code="c">280000</subfield>
  </datafield>
  <datafield tag="082" ind1="0" ind2="4">
   <subfield code="2">23rd ed.</subfield>
   <subfield code="a">346.59705</subfield>
   <subfield code="b">L561</subfield>
  </datafield>
  <datafield tag="100" ind1="1" ind2=" ">
   <subfield code="a">Tưởng Duy Lượng</subfield>
  </datafield>
  <datafield tag="245" ind1="1" ind2="0">
   <subfield code="a">Thời hiệu, thừa kế và thực tiễn xét xử</subfield>
   <subfield code="c">Tưởng Duy Lượng</subfield>
  </datafield>
  <datafield tag="250" ind1=" " ind2=" ">
   <subfield code="a">Tái bản lần thứ 1, có sữa đổi, bổ sung</subfield>
  </datafield>
  <datafield tag="260" ind1=" " ind2=" ">
   <subfield code="a">H.</subfield>
   <subfield code="b">Tư pháp</subfield>
   <subfield code="c">2020</subfield>
  </datafield>
  <datafield tag="300" ind1=" " ind2=" ">
   <subfield code="a">610 tr.</subfield>
   <subfield code="c">24cm</subfield>
  </datafield>
  <datafield tag="500" ind1="3" ind2=" ">
   <subfield code="a">Nội dung sách giới thiệu về tranh chấp quyền sử dụng đất, thời hiệu khởi kiện thuộc pháp luật nội dung hay pháp luật tố tụng, quy định của Bộ luật dân sự và thực tiễn áp dụng quy định về bắt đầu lại thời thiệu khởi kiện vụ án thừa kế,....</subfield>
  </datafield>
  <datafield tag="653" ind1=" " ind2=" ">
   <subfield code="a">Luật học</subfield>
  </datafield>
  <datafield tag="942" ind1=" " ind2=" ">
   <subfield code="2">ddc</subfield>
   <subfield code="c">BK</subfield>
  </datafield>
  <datafield tag="952" ind1=" " ind2=" ">
   <subfield code="0">0</subfield>
   <subfield code="1">0</subfield>
   <subfield code="2">ddc</subfield>
   <subfield code="4">0</subfield>
   <subfield code="6">346_597050000000000_L561</subfield>
   <subfield code="7">0</subfield>
   <subfield code="9">21570</subfield>
   <subfield code="a">000001</subfield>
   <subfield code="b">000001</subfield>
   <subfield code="d">2021-10-09</subfield>
   <subfield code="o">346.59705 L561</subfield>
   <subfield code="p">MD.18907</subfield>
   <subfield code="r">2021-10-09</subfield>
   <subfield code="v">280000.00</subfield>
   <subfield code="w">2021-10-09</subfield>
   <subfield code="y">BK</subfield>
  </datafield>
  <datafield tag="952" ind1=" " ind2=" ">
   <subfield code="0">0</subfield>
   <subfield code="1">0</subfield>
   <subfield code="2">ddc</subfield>
   <subfield code="4">0</subfield>
   <subfield code="6">346_597050000000000_L561</subfield>
   <subfield code="7">0</subfield>
   <subfield code="9">21571</subfield>
   <subfield code="a">000001</subfield>
   <subfield code="b">000001</subfield>
   <subfield code="d">2021-10-09</subfield>
   <subfield code="o">346.59705 L561</subfield>
   <subfield code="p">MD.18908</subfield>
   <subfield code="r">2021-10-09</subfield>
   <subfield code="v">280000.00</subfield>
   <subfield code="w">2021-10-09</subfield>
   <subfield code="y">BK</subfield>
  </datafield>
  <datafield tag="952" ind1=" " ind2=" ">
   <subfield code="0">0</subfield>
   <subfield code="1">0</subfield>
   <subfield code="2">ddc</subfield>
   <subfield code="4">0</subfield>
   <subfield code="6">346_597050000000000_L561</subfield>
   <subfield code="7">0</subfield>
   <subfield code="9">21572</subfield>
   <subfield code="a">000001</subfield>
   <subfield code="b">000001</subfield>
   <subfield code="d">2021-10-09</subfield>
   <subfield code="o">346.59705 L561</subfield>
   <subfield code="p">MD.18909</subfield>
   <subfield code="r">2021-10-09</subfield>
   <subfield code="v">280000.00</subfield>
   <subfield code="w">2021-10-09</subfield>
   <subfield code="y">BK</subfield>
  </datafield>
  <datafield tag="980" ind1=" " ind2=" ">
   <subfield code="a">Thư viện Trường Đại học Nam Cần Thơ</subfield>
  </datafield>
 </record>
</collection>
